书目信息 |
| 题名: |
王学与中晚明士人心态
|
|
| 作者: | 左东岭 著 | |
| 分册: | ||
| 出版信息: | 北京 人民文学出版社 2000 |
|
| 页数: | 784页 | |
| 开本: | 32开 | |
| 丛书名: | 猫头鹰学术文丛 | |
| 单 册: | ||
| 中图分类: | B248.25 | |
| 科图分类: | ||
| 主题词: | 哲学--中国--明代 | |
| 电子资源: | ||
| ISBN: | 7-02-003102-1 | |
| 000 | 00642nam0 2200217 45 | |
| 001 | 0109161059 | |
| 005 | 20031219104057.2 | |
| 010 | @a7-02-003102-1@dCNY34.00 | |
| 100 | @a20010916d2000 km y0chiy0120 ea | |
| 101 | 0 | @achi |
| 105 | @a z 000yy | |
| 200 | 1 | @a王学与中晚明士人心态@AWang Xue Yu Zhong Wan Ming Shi Ren Xin Tai@f左东岭著@FZuo Dong Ling Zhu |
| 210 | @a北京@c人民文学出版社@d2000 | |
| 215 | @a784页@c照片@d32开 | |
| 225 | @a猫头鹰学术文丛 | |
| 410 | @12001 @a猫头鹰学术文丛 | |
| 606 | 0 | @a哲学@x中国@x明代 |
| 690 | @aB248.25@v4 | |
| 701 | 0 | @a左东岭@4著 |
| 801 | @aCN@bTSTC@c20010918 | |
| 905 | @b314193-197@dB248.25@e13@f5 | |
| 王学与中晚明士人心态/左东岭著.-北京:人民文学出版社,2000 |
| 784页:照片;32开.-(猫头鹰学术文丛) |
| ISBN 7-02-003102-1:CNY34.00 |
| ● |
| 相关链接 |
|
|
|
|
正题名:王学与中晚明士人心态
索取号:B248.25/13
 
预约/预借
| 序号 | 登录号 | 条形码 | 馆藏地/架位号 | 状态 | 备注 |
| 1 | 0314193 | 203141938 | 第一借阅区/ [索取号:B248.25/13] | 在馆 | |
| 2 | 0314194 | 203141947 | 密集书库/ [索取号:B248.25/13] | 在馆 | |
| 3 | 0314195 | 203141956 | 密集书库/ [索取号:B248.25/13] | 在馆 | |
| 4 | 0314196 | 203141965 | 第一借阅区/ [索取号:B248.25/13] | 在馆 | |
| 5 | 0314197 | 203141974 | 第一样本阅览室/ [索取号:B248.25/13] | 在馆 |